000 00435nam a2200145Ia 4500
008 090122s9999 xx 000 0 und d
082 _b7069
_aO155:1:9
100 _aराजाध्यक्ष
_bविजया
_c-
245 _aआदिमाया
600 _aराजाध्यक्ष
630 _aआदिमाया
700 _aराजाध्यक्ष
730 _aआदिमाया
942 _cBOOK
999 _c31146
_d31146